| 000 | 01442nam0a2200373 i 4500 | ||
|---|---|---|---|
| 001 | RU\NLR\BIBL_A\010360542 | ||
| 005 | 20260503053609.0 | ||
| 010 |
_a9785961446715 _92000 |
||
| 021 |
_aRU _b2014-23139 _91435 |
||
| 035 | _a(NILC)RuMoRGB-006765029 | ||
| 035 | _a(NLR Aleph) 010360542 | ||
| 090 |
_a10777763 _c10777763 |
||
| 100 | _a20140523d2014 u y0rusy50 ca | ||
| 101 | 1 |
_arus _ceng |
|
| 102 | _aRU | ||
| 105 | _aa|||z|||000yy | ||
| 200 | 1 |
_aСознание дзен, сознание начинающего _fСюнрю Судзуки _gпер. с англ.: [Григорий Богданов, Елена Кирко] |
|
| 205 | _a2-е изд. | ||
| 210 |
_aМосква _cАльпина Паблишер _d2014 |
||
| 215 |
_a160, [1] с. _cил. _d21 |
||
| 300 | _aЗагл. и авт. ориг.: Zen mind, beginner's mind / Shundryu Suzuki | ||
| 333 | _a0+ | ||
| 454 | 0 |
_12001#$aZen mind, beginner's mind$fShundryu Suzuki _1700#1$aSuzuki$bSh.$gShundryu _tZen mind, beginner's mind _aSuzuki, Shundryu |
|
| 606 |
_aДзен _9996179 _3RU\NLR\AUTH\66377057 |
||
| 675 | _a244.82(510) | ||
| 686 | 1 | _aЮ3(5Я)410-325 | |
| 700 | 0 |
_aСюнрю Судзуки _f1904-1971 _3RU\NLR\AUTH\770128020 _9127994 |
|
| 801 | 0 |
_aRU _bRuMoRKP _c20130715 _gRCR |
|
| 801 | 2 |
_aRU _bРГБ _c20140326 _grcr |
|
| 801 | 1 |
_aRU _bRuMoRKP _c20130715 _2rusmarc |
|
| 942 | _cBOOK | ||
| 980 | _aNBR | ||